000 00743nam a2200205 4500
001 112077
003 ES-MaACL
005 20251016160246.0
007 t|
008 061121s1925 fr r ||||1| fre d
100 1 _aNicolás
_bII
_cEmperador de Rusia.
_985573
245 1 0 _aJournal intime de Nicolas II /
_ctraduction de A. Pierre.
260 _aParis :
_bPayot,
_c1925.
300 _a302 p. ;
_c23 x 14 cm.
490 1 _aCollection de mémoires, études et documents pour servir áa l'histoire de la guerre mondiale
700 1 _aPierre, A.
_991953
830 0 _aCollection de mémoires, études et documents pour servir à l'histoire de la guerre mondiale
_9187615
852 _aES-MaACL
_jF-4392
_bR.5352
999 _c112077
_d112077